Caracterización del trabajo infantil en establecimientos municipales de la ciudad de Valparaíso: informe final

Сохранить в:
Библиографические подробности
Главные авторы: González Sánchez, Claudia Andrea (Автор), Guerrero R., Andrea (Автор)
Формат:
Язык:испанский
Опубликовано: Valparaíso Pontificia Universidad Católica de Valparaíso 2004
Предметы:
Метки: Добавить метку
Нет меток, Требуется 1-ая метка записи!

MARC

LEADER 00000nam a2200000 a 4500
001 UCK2908
003 CL-VaPUC
008 050324e20040000CL |||||||||||||||||spa|d
082 0 4 |a 331.31  |b GON  |2 21 
100 |a González Sánchez, Claudia Andrea  |e author  |9 806400 
700 0 |a Guerrero R., Andrea  |e author  |9 490910 
245 1 0 |a Caracterización del trabajo infantil en establecimientos municipales de la ciudad de Valparaíso: informe final 
300 |a 48 p 
942 |c BK 
945 |d 20050324 00:00:00  |a cmena 
260 |a Valparaíso  |b Pontificia Universidad Católica de Valparaíso  |c 2004 
500 |a Corresponde a: Taller de Consultoría, solicitado por la srta. Verónica Mendoza 
500 |a Dirigido por: Inés Guerrero Santana 
650 0 |a Análisis estadístico  |9 269506 
650 0 |a Trabajo infantil  |9 389077 
650 0 |a Problemas sociales  |9 258537 
650 0 |a Muestreo (Estadística)  |9 270232 
650 0 |a Estadística matemática  |9 260028 
583 |a last modification  |c 20050324 00:00:00  |k Rodrigo Vera 
999 |c 312299  |d 312297 
952 |0 0  |1 0  |2 ddc  |4 0  |6 331_310000000000000_GON_2004  |7 0  |8 T  |9 382366  |a BIBGIM  |b BIBGIM  |d 2019-11-21  |i 408425K  |o 331.31 GON 2004  |p 408425K  |r 2019-11-21  |w 2019-11-21  |y BK_F  |k EST